| 000 | 00449nam a2200145 a 4500 | ||
|---|---|---|---|
| 001 | 1228 | ||
| 003 | CDMR | ||
| 005 | 20130116135205.0 | ||
| 008 | 130130s1995||||||||||||||||||||||||||||d | ||
| 040 |
_aCDMR _bcat _cCPC LLEIDA |
||
| 100 | 1 |
_aOroval Planas, Esteve _9959 |
|
| 245 | 1 | 0 |
_aEstructura Laboral i incidència sindical a les comarques de Lleida 1985-1993 _cOROVAL PLANAS, Esteve, ALLEPUZ CAPDEVILA, Rafael |
| 260 |
_aLleida _c1995 _bUdL |
||
| 942 | _cMON | ||
| 999 |
_c1228 _d1228 |
||